01275 a2200193 45000010006000000050017000060080041000230030015000640400040000790800104001192450069002230200022002922640043003143000019003575050572003760410008009481000026009568560099009824941020260407155757.0260407a2019 arg spa dAR-UNSa-BCEJYS aAR-UNSa-BCEJYSbspacAR-UNSa-BCEJYS a351.72xFinanzas públicas. Legislación (Contabilidad Pública, Administración financiera...)10aContabilidad. Sector públicopMucho por hacer. Panorama global a978-987-716-098-7 1aBuenos Aires :bOsmar D. Buyattic2019 a295 p.c22 cm. a1. Concepto y generalidades de la contabilidad pública - 2. Evolución de la contabilidad pública - 3. Evolución histórica en Argentina - 4. Relaciones con otras disciplinas científicas - 5. La F.A.C.P.C.E. y las normas contables argentinas - 6. Ley de contabilidad pública en la República Argentina. Sistema de contabilidad gubernamental- Argentina - 7. Provincia de Santa Fe. República Argentina. Ley de Contabilidad - 8. Las Normas Internacionales de Contabilidad Pública NIIF-IRSF. Marco conceptual. La tendencia global - 9. Entidad que informa aspa1 aLang, Víctor Manuel41uhttps://www.biblioeco.unsa.edu.ar/pmb/images/libros/L128076.jpgyImagen de portadaqimage/jpeg